000 00700nam a2200253Ia 4500
003 OSt
005 20220918220619.0
006 a|||||r|||| 00| 0
007 ta
008 220917b |||||||| |||| 00| 0 eng d
024 _a146,530
037 _cTextual
040 _aARTS
_cARTS
_beng
041 _2eng
_aeng
082 _aY41(V:594).2.C, M4
100 _aTrivedi S D
_942649
245 0 _aSecret services in ancient India Techniques and operation
260 _aNew Delhi
_bAllied
_c1984
300 _axxiii, 238p.
_ccm.
500 _aBibliography p195-227
650 _aSOCIOLOGY
942 _hY41(V:594).2.C, M4
_cTEXL
_2CC
999 _c269286
_d269286